[Event "Bad Woerishofen op 34th"]
[Site "Bad Woerishofen"]
[Date "2018.03.03"]
[Round "9"]
[White "Pfalzer, Helmut"]
[Black "Haugg, Gerhard"]
[Result "1-0"]
[WhiteElo "1844"]
[BlackElo "1800"]
[PlyCount "61"]
[EventDate "2018.02.23"]
[EventType "swiss"]
[EventRounds "9"]
[EventCountry "GER"]
[SourceTitle "EXT 2019"]
[Source "ChessBase"]
[SourceDate "2018.10.10"]
[SourceVersion "1"]
[SourceVersionDate "2018.10.10"]
[SourceQuality "1"]

1. d4 d5 2. Nf3 Bg4 3. Ne5 Be6 4. Nd2 f6 5. Nef3 Bf7 6. Nb3 e5 7. dxe5 Nd7 8. Bf4 g5 9. g3 g4 10. e6 Bxe6 11. Nfd4 Bf7 12. e3 Ne5 13. Be2 Qd7 14. Bxe5 fxe5 15. Bxg4 Qa4 16. Ne6 Bd6 17. Ng5 Nf6 18. Nxf7 Kxf7 19. Bh3 Qb4+ 20. c3 Qb5 21. Qc2 e4 22. Nd4 Qe8 23. Qb3 Kg6 24. Bf5+ Kh6 25. g4 Rg8 26. Rg1 Qe5 27. 0-0-0 Kg7 28. h4 Kh8 29. g5 Nh5 30. Be6 Rge8 31. Bf7 1-0

[Event "Bad Woerishofen op 29th"]
[Site "Bad Woerishofen"]
[Date "2013.03.01"]
[Round "1"]
[White "Baeuml, Ulrich"]
[Black "Pfalzer, Helmut"]
[Result "1-0"]
[WhiteElo "2094"]
[BlackElo "1849"]
[PlyCount "43"]
[EventDate "2013.03.01"]
[EventType "swiss"]
[EventRounds "9"]
[EventCountry "GER"]
[SourceTitle "CBM 153 Extra"]
[Source "ChessBase"]
[SourceDate "2013.04.22"]
[SourceVersion "1"]
[SourceVersionDate "2013.04.22"]
[SourceQuality "1"]

1. c4 e5 2. Nc3 Nc6 3. g3 d6 4. Bg2 Be6 5. d3 f5 6. Nf3 Be7 7. Rb1 h6 8. b4 Nf6 9. b5 Na5 10. Qa4 c6 11. Nh4 Rc8 12. Ng6 Rg8 13. Be3 c5 14. b6+ Nc6 15. bxa7 Bd7 16. Rxb7 Na5 17. Rxd7 Nxd7 18. Nxe7 Kxe7 19. a8Q Rxa8 20. Bxa8 Qxa8 21. Nd5+ Kd8 22. Bd2 1-0